书目信息 |
| 题名: |
电荷耦合器件和系统
|
|
| 作者: | 豪斯 , Howes , 摩根 , Morgan 编 ;崔成烈 译 | |
| 分册: | ||
| 出版信息: | 北京 国防工业出版社 1983 |
|
| 页数: | 314页 | |
| 开本: | 21cm | |
| 丛书名: | ||
| 单 册: | ||
| 中图分类: | TN622 , TN386.5 | |
| 科图分类: | ||
| 主题词: | 电荷耦合器件--系统 , 场效应晶体管 | |
| 电子资源: | ||
| ISBN: | ||
| 000 | 01006nam0 2200337 45 | |
| 001 | 0183000630 | |
| 005 | 20040519104634.9 | |
| 010 | @dCNY1.25 | |
| 091 | @a15034.2572 | |
| 100 | @a19950725d1983 emky0chiy0121 ea | |
| 101 | 1 | @achi@ceng |
| 102 | @aCN@b110000 | |
| 105 | @ay z 000yy | |
| 106 | @ar | |
| 200 | 10 | @a电荷耦合器件和系统@Adian he ou he qi jian he xi tong@f(美)豪斯(M.J.Howes),(美)摩根(D.V.Morgan)编@g崔成烈等译 |
| 210 | @a北京@c国防工业出版社@d1983 | |
| 215 | @a314页@d21cm | |
| 300 | @a书名原文:Charge-goupled devices and systems | |
| 510 | 1 | @aCharge-goupled devices and systems@zeng |
| 606 | @a电荷耦合器件@x系统 | |
| 606 | 0 | @a场效应晶体管 |
| 690 | @aTN622@v3 | |
| 690 | @aTN386.5 | |
| 701 | 1 | @a豪斯@Ahao si@bM.J.@4编 |
| 701 | A1 | @aHowes@bM.J.@4编 |
| 701 | 1 | @a摩根@Amo gen@bD.V.@4编 |
| 701 | A1 | @aMorgan@bD.V.@4编 |
| 702 | 0 | @a崔成烈@Acui cheng lie@4译 |
| 801 | 0 | @aCN@b上海图书馆@c20040519 |
| 801 | 2 | @aCN@bNLC@c20040519 |
| 905 | @f1@b98813@dTN386.5@e5 | |
| 电荷耦合器件和系统/(美)豪斯(M.J.Howes),(美)摩根(D.V.Morgan)编/崔成烈等译.-北京:国防工业出版社,1983 |
| 314页;21cm |
| 书名原文:Charge-goupled devices and systems |
| ISBN :CNY1.25 |
| ● |
| 相关链接 |
|
|
|
|
正题名:电荷耦合器件和系统
索取号:TN386.5/5
 
预约/预借
| 序号 | 登录号 | 条形码 | 馆藏地/架位号 | 状态 | 备注 |
| 1 | 0098813 | 001352440 | 第三借阅区/ [索取号:TN386.5/5] | 在馆 |